Entry Nombre personal
001 - NÚMERO DE CONTROL
- campo de control: 74479
003 - IDENTIFICADOR DEL NÚMERO DE CONTROL
- campo de control: BNPHU
005 - FECHA Y HORA DE LA ÚLTIMA TRANSACCIÓN
- campo de control: 20260303090147.0
008 - DATOS DE LONGITUD FIJA
- campo de control de longitud fija: 200615|| aca||aabn | a|a d
010 ## - NÚMERO DE CONTROL DE LA BIBLIOTECA DEL CONGRESO
- Número de control de LC: n 98075536
040 ## - FUENTE DE LA CATALOGACIÓN
- Centro catalogador/agencia de origen: DO-SdBNP
- Lengua de catalogación: spa
- Centro/agencia transcriptor: BNPHU
- Normas de descripción: rda
046 ## - FECHAS CON CODIFICACIÓN ESPECIAL
- Fecha de nacimiento: 1959-01
100 1# - ENCABEZAMIENTO-NOMBRE DE PERSONA
- Nombre de persona: Acosta Matos, Eliades,
- Fechas asociadas al nombre: 1959-
370 ## - LUGAR ASOCIADO
- Lugar de nacimiento: Santiago de Cuba (Cuba)
372 ## - CAMPO DE ACTIVIDAD
- Campo de actividad: Filosofía
378 ## - FORMA COMPLETA/DESARROLLADA DEL NOMBRE
- Forma completa/desarrollada del nombre: Eliades Ignacio
400 1# - TRAZADO DE VÉASE--NOMBRE DE PERSONA
- Nombre de persona: Matos, Eliades Acosta,
- Fechas asociadas al nombre: 1959-
670 ## - FUENTE DE DATOS ENCONTRADOS
- Cita de la fuente: Acosta Matos, Eliades 1959-, 1963 :, 2013.
670 ## - FUENTE DE DATOS ENCONTRADOS
- Cita de la fuente: Los colores secretos del imperio, 2002
670 ## - FUENTE DE DATOS ENCONTRADOS
- Identificador Uniforme del Recurso: https://authorities.loc.gov/authority/6b55da5b-7b8f-4147-898a-319436bd3aa1?searchFields=name&searchType=begins&searchTerm=Acosta+Matos%2C+Eliades%2C&limit=100&sortBy=relevance&headingRef=Acosta+Matos%2C+Eliades%2C+1959- Consultado en 02 de Marzo, 2026
678 ## - DATOS BIOGRÁFICOS O HISTÓRICOS
- Datos biográficos o históricos: Eliades Acosta Matos (nacido el 4 de enero de 1959 en Santiago de Cuba ) es un político cubano , exdirector de la Biblioteca Nacional José Martí de Cuba (1997-2007) y hasta 2003 fue jefe del Comité de Cultura del Comité Central del Partido Comunista de Cuba . Escritor de libros, artículos y ensayos políticos e históricos, incluidas tres novelas. Desde 2010 vive en República Dominicana y trabaja para el Archivo Nacional y la Fundación Juan Bosch. En 2012, Premio Internacional Pedro Henríquez Ureña, Ateneo Dominicano. En 2016, Premio Caonabo de Oro, al mejor escritor extranjero en República Dominicana ese año.
- Identificador Uniforme del Recurso: https://en.wikipedia.org/wiki/Eliades_Acosta Consultado en 02 de Marzo, 2026
